000 00657nam a2200217 i 4500
001 186478
003 SpMaBN
005 20260525062937.0
008 161117s1952 ag |||| | spa d
080 _a165
100 1 _aBerkeley, George.
_928043
245 1 0 _aTres diálogos entre Hilas y Filonús /
_cJorge Berkeley.
250 _a2ª ed.
260 _aBuenos Aires :
_bEspasa-Calpe Argentina,
_c1952.
300 _a147 p. ;
_c18 cm.
490 1 _aColección austral ;
_v1108
650 7 _aEpistemología.
_912338
830 0 _aColección austral
_v1108
_9177655
852 _aES-MaACL
_jL-30821
_z. - Donat. Miguel A. Velasco
999 _c186478
_d186478